MARC details
| 000 -LEADER |
| fixed length control field |
02382cgm a22004934a 4500 |
| 001 - CONTROL NUMBER |
| control field |
14507582 |
| 005 - DATE AND TIME OF LATEST TRANSACTION |
| control field |
20210227155957.0 |
| 006 - FIXED-LENGTH DATA ELEMENTS--ADDITIONAL MATERIAL CHARACTERISTICS--GENERAL INFORMATION |
| fixed length control field |
m o c |
| 007 - PHYSICAL DESCRIPTION FIXED FIELD--GENERAL INFORMATION |
| fixed length control field |
cr una---unuuu |
| 007 - PHYSICAL DESCRIPTION FIXED FIELD--GENERAL INFORMATION |
| fixed length control field |
vz uzazuu |
| 008 - FIXED-LENGTH DATA ELEMENTS--GENERAL INFORMATION |
| fixed length control field |
160825p20162000cau098 o o vleng d |
| 028 52 - PUBLISHER NUMBER |
| Publisher number |
1219420 |
| Source |
Kanopy |
| 035 ## - SYSTEM CONTROL NUMBER |
| System control number |
(CaSfKAN)kan1219420 |
| 040 ## - CATALOGING SOURCE |
| Original cataloging agency |
VDU |
| Language of cataloging |
eng |
| Transcribing agency |
VDU |
| 082 04 - DEWEY DECIMAL CLASSIFICATION NUMBER |
| Classification number |
791.4372 |
| Item number |
INT |
| Edition number |
22 |
| 245 00 - TITLE STATEMENT |
| Title |
In the Mood for Love. |
| 264 #1 - PRODUCTION, PUBLICATION, DISTRIBUTION, MANUFACTURE STATEMENTS |
| Name of producer, publisher, distributor, manufacturer |
Criterion Collection/Janus Films, |
| Date of production, publication, distribution, manufacture |
2000. |
| 264 #1 - PRODUCTION, PUBLICATION, DISTRIBUTION, MANUFACTURE STATEMENTS |
| Place of production, publication, distribution, manufacture |
[San Francisco, California, USA] : |
| Name of producer, publisher, distributor, manufacturer |
Kanopy Streaming, |
| Date of production, publication, distribution, manufacture |
2016. |
| 300 ## - PHYSICAL DESCRIPTION |
| Extent |
1 online resource (streaming video file) (99 minutes): |
| Other physical details |
digital, .flv file, sound |
| 306 ## - PLAYING TIME |
| Playing time |
013840 |
| 336 ## - CONTENT TYPE |
| Content Type Term |
two-dimensional moving image |
| Content Type Code |
tdi |
| Source |
rdacontent |
| 337 ## - MEDIA TYPE |
| Media Type Term |
computer |
| Media Type Code |
c |
| Source |
rdamedia |
| 338 ## - CARRIER TYPE |
| Carrier Type Term |
online resource |
| Carrier Type Code |
cr |
| Source |
rdacarrier |
| 500 ## - GENERAL NOTE |
| General note |
Title from title frames. |
| 500 ## - GENERAL NOTE |
| General note |
Film |
| 506 ## - RESTRICTIONS ON ACCESS NOTE |
| Terms governing access |
Access restricted by licensing agreement. |
| 518 ## - DATE/TIME AND PLACE OF AN EVENT NOTE |
| Date/time and place of an event note |
Originally produced by Criterion Collection/Janus Films in 2000. |
| 520 ## - SUMMARY, ETC. |
| Summary, etc |
Hong Kong, 1962: Chow Mo-wan (Tony Leung Chiu-wai) and Su Li-zhen (Maggie Cheung Man-yuk) move into neighboring apartments on the same day. Their encounters are formal and polite—until a discovery about their spouses creates an intimate bond between them. At once delicately mannered and visually extravagant, Wong Kar-wai’s In the Mood for Love is a masterful evocation of romantic longing and fleeting moments.. With its aching musical soundtrack and exquisitely abstract cinematography by Christopher Doyle and Mark Lee Ping-bin, this film has been a major stylistic influence on the past decade of cinema, and is a milestone in Wong’s redoubtable career.. |
| 546 ## - LANGUAGE NOTE |
| Language note |
In English |
| 590 ## - LOCAL NOTE (RLIN) |
| Local note |
Access is available to the Yale community. |
| 650 #0 - SUBJECT ADDED ENTRY--TOPICAL TERM |
| Topical term or geographic name as entry element |
Foreign language films. |
| 650 #0 - SUBJECT ADDED ENTRY--TOPICAL TERM |
| Topical term or geographic name as entry element |
Motion pictures. |
| 653 ## - INDEX TERM--UNCONTROLLED |
| Uncontrolled term |
Asian Studies |
| 655 #4 - INDEX TERM--GENRE/FORM |
| Genre/form data or focus term |
Asian Studies |
| 655 #7 - INDEX TERM--GENRE/FORM |
| Genre/form data or focus term |
Feature films |
| Source of term |
lcgft |
| 710 2# - ADDED ENTRY--CORPORATE NAME |
| Corporate name or jurisdiction name as entry element |
Criterion Collection/Janus Films (Firm), |
| Relator code |
dst |
| 9 (RLIN) |
25408 |
| 710 2# - ADDED ENTRY--CORPORATE NAME |
| Corporate name or jurisdiction name as entry element |
Kanopy (Firm), |
| Relator code |
dst |
| 730 0# - ADDED ENTRY--UNIFORM TITLE |
| Uniform title |
Kanopy Criterion collection. |
| 856 40 - ELECTRONIC LOCATION AND ACCESS |
| Link text |
Streaming video |
| Uniform Resource Identifier |
<a href="https://yale.kanopy.com/node/219421">https://yale.kanopy.com/node/219421</a> |
| 856 42 - ELECTRONIC LOCATION AND ACCESS |
| Materials specified |
Cover image |
| Uniform Resource Identifier |
<a href="https://www.kanopy.com/node/219421/external-image">https://www.kanopy.com/node/219421/external-image</a> |
| 942 ## - ADDED ENTRY ELEMENTS (KOHA) |
| Source of classification or shelving scheme |
Dewey Decimal Classification |
| Item type |
CD | DVD - Movie (NB) |
| 946 ## - LOCAL PROCESSING INFORMATION (OCLC) |
| a |
DO NOT EDIT. DO NOT EXPORT. |